[Event "Cto Equipos Aragon 2013 Div. Honor II"]
[Site "Aragon"]
[Date "2013.03.09"]
[Round "7.31"]
[White "Colom Sienes, Eduardo"]
[Black "Larrosa Poves, Jose Manuel"]
[Result "0-1"]
[WhiteElo "2028"]
[BlackElo "1983"]
[PlyCount "40"]
[EventDate "2013.??.??"]
[EventType "tourn"]
[EventRounds "7"]
[EventCountry "ESP"]
[WhiteTeam "Ramiro"]
[BlackTeam "Agrupacion B"]

1. e4 c5 2. Nf3 e6 3. d4 cxd4 4. Nxd4 a6 5. Nc3 Qc7 6. Be2 b5 7. O-O Bb7 8. Bf3
Nc6 9. Re1 Ne5 10. Bf4 Nxf3+ 11. Qxf3 d6 12. Nd5 exd5 13. exd5+ Ne7 14. Nf5
O-O-O 15. Nxd6+ Rxd6 16. c4 bxc4 17. b3 Bxd5 18. Qg3 Nf5 19. Qh3 Be6 20. Rad1
Rxd1 0-1

[Event "Cto Equipos Aragon 2013 Div. Honor II"]
[Site "Aragon"]
[Date "2013.03.09"]
[Round "7.32"]
[White "Martinez Crespo, Juan"]
[Black "Palacios Herrero, Pablo"]
[Result "0-1"]
[WhiteElo "1857"]
[BlackElo "1963"]
[PlyCount "82"]
[EventDate "2013.??.??"]
[EventType "tourn"]
[EventRounds "7"]
[EventCountry "ESP"]
[WhiteTeam "Agrupacion B"]
[BlackTeam "Ramiro"]

1. e4 e6 2. d4 d5 3. Nd2 Nf6 4. e5 Nfd7 5. Bd3 c5 6. c3 Nc6 7. Ne2 cxd4 8. cxd4
f6 9. exf6 Nxf6 10. Nf3 Bd6 11. O-O O-O 12. Bf4 Bxf4 13. Nxf4 Ne4 14. g3 g5 15.
Ng2 Qf6 16. Nge1 Bd7 17. Bxe4 dxe4 18. Ne5 Rad8 19. Nc2 Nxe5 20. dxe5 Qxe5 21.
Qh5 Be8 22. Qh3 Rd2 23. Ne3 Rdxf2 24. Rxf2 Rxf2 25. Ng4 Qxb2 26. Re1 Rf8 27.
Qh6 Bg6 28. Qxg5 Qd4+ 29. Kh1 Kh8 30. Qe7 Re8 31. Qg5 Bf5 32. Nf6 Rf8 33. Nh5
Rg8 34. Qf4 Qc3 35. Re3 Qa1+ 36. Kg2 Qxa2+ 37. Kg1 Qa1+ 38. Kf2 a5 39. Qc7 Bh3
40. Re1 Qd4+ 41. Re3 Rf8+ 0-1

[Event "Cto Equipos Aragon 2013 Preferente I"]
[Site "Aragon"]
[Date "2013.03.09"]
[Round "7.33"]
[White "Pellicer Cemeli, Jose Luis"]
[Black "Maza Broto, Pablo"]
[Result "1/2-1/2"]
[WhiteElo "2068"]
[BlackElo "2037"]
[PlyCount "23"]
[EventDate "2013.??.??"]
[EventType "tourn"]
[EventRounds "9"]
[EventCountry "ESP"]
[WhiteTeam "L`Aurora Estadilla B"]
[BlackTeam "Jaime Casas B"]

1. e4 c5 2. c4 Nc6 3. Nc3 g6 4. g3 Bg7 5. Bg2 d6 6. d3 Nf6 7. h3 O-O 8. Nge2 a6
9. O-O Rb8 10. a4 Bd7 11. Kh2 Nd4 12. Nxd4 1/2-1/2

[Event "Cto Equipos Aragon 2013 Preferente I"]
[Site "Aragon"]
[Date "2013.03.09"]
[Round "7.34"]
[White "Rodriguez Leiva, Manuel"]
[Black "Felez Casedas, Carlos"]
[Result "0-1"]
[WhiteElo "2034"]
[BlackElo "2012"]
[PlyCount "80"]
[EventDate "2013.??.??"]
[EventType "tourn"]
[EventRounds "9"]
[EventCountry "ESP"]
[WhiteTeam "Jaime Casas B"]
[BlackTeam "L`Aurora Estadilla B"]

1. c4 e6 2. Nc3 d5 3. cxd5 exd5 4. d4 Nf6 5. Nf3 c6 6. g3 Bd6 7. Bg2 O-O 8. O-O
Re8 9. Qc2 Bg4 10. Ne1 Bh5 11. Nd3 Bg6 12. f4 Be4 13. Nxe4 Nxe4 14. e3 Nd7 15.
Ne5 Rc8 16. Bxe4 dxe4 17. Qb3 Re7 18. Bd2 Bxe5 19. fxe5 Nxe5 20. Bb4 Nf3+ 21.
Rxf3 exf3 22. Bxe7 Qxe7 23. Kf2 Re8 24. Re1 h5 25. Qd1 Qe6 26. b3 Qh3 27. Kxf3
Re6 28. Rh1 Qg4+ 29. Kf2 Rf6+ 30. Ke1 Qe4 31. Ke2 Re6 32. Qc1 Qxd4 33. Rd1 Qg4+
34. Ke1 Qf3 35. Rd8+ Kh7 36. Rd3 Qh1+ 37. Kd2 Qxh2+ 38. Kc3 Qxg3 39. Qc2 Qe5+
40. Kd2 Qh2+ 0-1

[Event "Cto Equipos Aragon 2013 Preferente I"]
[Site "Aragon"]
[Date "2013.03.09"]
[Round "7.35"]
[White "Puertolas Serena, Arturo"]
[Black "Buil Rello, Jose Antonio"]
[Result "1/2-1/2"]
[WhiteElo "1920"]
[BlackElo "1982"]
[PlyCount "35"]
[EventDate "2013.??.??"]
[EventType "tourn"]
[EventRounds "9"]
[EventCountry "ESP"]
[WhiteTeam "L`Aurora Estadilla B"]
[BlackTeam "Jaime Casas B"]

1. e4 c5 2. Nf3 e6 3. d4 Qc7 4. d5 e5 5. d6 Qxd6 6. Qxd6 Bxd6 7. Nc3 f6 8. Nb5
Ke7 9. Be3 a6 10. Nc3 Nc6 11. Nd5+ Kd8 12. O-O-O Bf8 13. Nb6 Rb8 14. Bc4 Kc7
15. Nd5+ Kd8 16. Nb6 Kc7 17. Nd5+ Kd8 18. Nb6 1/2-1/2

[Event "Cto Equipos Aragon 2013 Preferente I"]
[Site "Aragon"]
[Date "2013.03.09"]
[Round "7.36"]
[White "Salas Latorre, Jose"]
[Black "Fuentes Espuna, Juan Antonio"]
[Result "0-1"]
[WhiteElo "1797"]
[BlackElo "1912"]
[PlyCount "132"]
[EventDate "2013.??.??"]
[EventType "tourn"]
[EventRounds "9"]
[EventCountry "ESP"]
[WhiteTeam "Jaime Casas B"]
[BlackTeam "L`Aurora Estadilla B"]

1. d4 c5 2. c3 b6 3. Nf3 Bb7 4. e3 e6 5. Bd3 Nf6 6. Nbd2 Nc6 7. O-O h6 8. Qe2
Be7 9. Ba6 Bxa6 10. Qxa6 Qc7 11. Qd3 d5 12. e4 cxd4 13. Nxd4 Nxd4 14. Qxd4 Bc5
15. Qa4+ Kf8 16. exd5 exd5 17. Nb3 Bd6 18. Qh4 Re8 19. Qh3 h5 20. f3 Kg8 21.
Bd2 Bc5+ 22. Kh1 Ng4 23. Nxc5 bxc5 24. Qg3 Qxg3 25. hxg3 Re2 26. Bf4 Nf2+ 27.
Kg1 Nd3 28. Rfd1 c4 29. Rd2 Re6 30. b3 h4 31. bxc4 dxc4 32. Rb1 Rh5 33. g4 Ra5
34. Bc7 Ra3 35. Rc2 Kh7 36. Bd8 f6 37. Kh2 g5 38. Rb7+ Kg6 39. Be7 Ra4 40. Bf8
f5 41. gxf5+ Kxf5 42. Rb5+ Kf4 43. Rd5 Ke3 44. Rxg5 Ne1 45. Bc5+ Kd3 46. Rc1
Kd2 47. Rb1 Kxc3 48. a3 Nd3 49. Bf8 Kc2 50. Rb7 c3 51. Rd5 Nf4 52. Rdd7 Re2 53.
Bh6 Nxg2 54. Kh3 Rxa3 55. Rxa7 Rxa7 56. Rxa7 Ne3 57. Kxh4 Kd1 58. Bxe3 Rxe3 59.
f4 c2 60. Rd7+ Ke2 61. Rc7 Kd2 62. Kg5 Rc3 63. Rxc3 Kxc3 64. f5 c1=Q+ 65. Kg6
Qa3 66. Kg7 Qe7+ 0-1

[Event "Cto Equipos Aragon 2013 Preferente I"]
[Site "Aragon"]
[Date "2013.03.09"]
[Round "7.37"]
[White "Galve Guinea, Alejandro"]
[Black "Soriano Ascaso, Ignacio"]
[Result "1-0"]
[WhiteElo "2025"]
[BlackElo "2131"]
[PlyCount "141"]
[EventDate "2013.??.??"]
[EventType "tourn"]
[EventRounds "9"]
[EventCountry "ESP"]
[WhiteTeam "El Olivar C"]
[BlackTeam "Sabiñanigo"]

1. Nf3 Nf6 2. c4 b6 3. Nc3 Bb7 4. g3 e6 5. Bg2 c5 6. O-O Be7 7. Re1 O-O 8. e4
d6 9. d4 cxd4 10. Nxd4 Qc7 11. Be3 a6 12. Rc1 Nbd7 13. b3 g6 14. Qd2 Rac8 15.
f3 Qb8 16. Red1 Rfe8 17. Nde2 h5 18. a4 h4 19. g4 Nh7 20. h3 Nc5 21. Rb1 Qa8
22. Qd4 e5 23. Qd2 g5 24. Nd5 Bxd5 25. Qxd5 Qxd5 26. Rxd5 Nf6 27. Rd2 Nfd7 28.
Nc3 f6 29. Bf1 Kf7 30. b4 Ne6 31. Nd5 Bd8 32. Rbb2 Nd4 33. Kf2 Nf8 34. Bxd4
exd4 35. c5 bxc5 36. Bxa6 Rb8 37. Bb5 Rxb5 38. axb5 c4 39. b6 Nd7 40. b7 Bb6
41. Nxb6 Nxb6 42. Ra2 Rb8 43. Ra7 Ke6 44. Rda2 c3 45. Ke2 Nc4 46. Kd3 Ne5+ 47.
Kxd4 Nc6+ 48. Kxc3 Nxa7 49. Rxa7 Kd7 50. Kc4 Kc6 51. b5+ Kc7 52. Kb4 Kb6 53.
Ra6+ Kc7 54. Rc6+ Kd7 55. Ka5 Rxb7 56. Ka6 Rb8 57. Rc3 Kd8 58. b6 Ra8+ 59. Kb7
Ra4 60. Rc8+ Kd7 61. Rc7+ Ke6 62. Kb8 Ra3 63. b7 Rxf3 64. Kc8 Rb3 65. b8=Q
Rxb8+ 66. Kxb8 Ke5 67. Rc4 Kf4 68. Kc7 Kg3 69. Rc3+ Kf4 70. Kxd6 Kxe4 71. Ke6
1-0

[Event "Cto Equipos Aragon 2013 Preferente I"]
[Site "Aragon"]
[Date "2013.03.09"]
[Round "7.38"]
[White "Ainsa Claver, Ignacio"]
[Black "Hernandez Delgado, Gabriel"]
[Result "1-0"]
[WhiteElo "1974"]
[BlackElo "1974"]
[PlyCount "99"]
[EventDate "2013.??.??"]
[EventType "tourn"]
[EventRounds "9"]
[EventCountry "ESP"]
[WhiteTeam "Sabiñanigo"]
[BlackTeam "El Olivar C"]

1. b3 c5 2. Bb2 Nc6 3. f4 d6 4. Nf3 Bg4 5. e3 e5 6. fxe5 dxe5 7. e4 f6 8. Bb5
Nge7 9. O-O a6 10. Be2 Qd7 11. d3 Ng6 12. Nbd2 Be7 13. Nc4 Nf4 14. Nb6 Qd8 15.
Nxa8 Nxe2+ 16. Qxe2 Nd4 17. Bxd4 cxd4 18. h3 Bxf3 19. Qxf3 Qxa8 20. Qg4 Kf7 21.
Qh5+ Ke6 22. a3 g6 23. Qg4+ Kf7 24. b4 Qc8 25. Qxc8 Rxc8 26. Ra2 Bf8 27. Kf2
Bh6 28. Ke2 Ke6 29. g4 Bf4 30. Rb1 Rh8 31. b5 a5 32. b6 h5 33. Rb5 hxg4 34.
hxg4 Rh2+ 35. Kf1 Be3 36. Rc5 Rf2+ 37. Ke1 Rg2 38. Rb2 Rg1+ 39. Ke2 Rg2+ 40.
Kf3 Rf2+ 41. Kg3 Rf1 42. Rc7 Rg1+ 43. Kh2 Rxg4 44. Rxb7 Bf4+ 45. Kh1 Rh4+ 46.
Kg2 Rg4+ 47. Kf1 Be3 48. Rh7 Rg1+ 49. Ke2 g5 50. b7 1-0

[Event "Cto Equipos Aragon 2013 Preferente I"]
[Site "Aragon"]
[Date "2013.03.09"]
[Round "7.39"]
[White "De la Riva Fernandez, Eduardo"]
[Black "Garcia Estruch, Jorge"]
[Result "1/2-1/2"]
[WhiteElo "1970"]
[BlackElo "1796"]
[PlyCount "67"]
[EventDate "2013.??.??"]
[EventType "tourn"]
[EventRounds "9"]
[EventCountry "ESP"]
[WhiteTeam "El Olivar C"]
[BlackTeam "Sabiñanigo"]

1. e4 e5 2. Nc3 Nf6 3. f4 d6 4. Nf3 Nc6 5. d4 Bg4 6. Bb5 exd4 7. Qxd4 Bxf3 8.
gxf3 Be7 9. Be3 Nd7 10. Bxc6 Bh4+ 11. Bf2 bxc6 12. e5 dxe5 13. fxe5 Bxf2+ 14.
Kxf2 O-O 15. Rad1 Nb6 16. Qg4 Qe7 17. f4 Qc5+ 18. Kf3 Nc4 19. Rde1 Rad8 20.
Rhg1 g6 21. Re2 Nd2+ 22. Kg2 Rd4 23. Kh3 Rfd8 24. Rgg2 Qb4 25. Qg5 Qxb2 26. Ne4
Nxe4 27. Rxe4 R8d7 28. Rxd4 Qxd4 29. Qf6 Qe3+ 30. Rg3 Qe2 31. Qg5 Qxc2 32. f5
Rd2 33. Rg2 Rd3+ 34. Kh4 1/2-1/2

[Event "Cto Equipos Aragon 2013 Preferente I"]
[Site "Aragon"]
[Date "2013.03.09"]
[Round "7.40"]
[White "Paño Pinilla, Ernesto"]
[Black "Sarto Ramos, Angel"]
[Result "0-1"]
[WhiteElo "1565"]
[BlackElo "1957"]
[PlyCount "72"]
[EventDate "2013.??.??"]
[EventType "tourn"]
[EventRounds "9"]
[EventCountry "ESP"]
[WhiteTeam "Sabiñanigo"]
[BlackTeam "El Olivar C"]

1. Nf3 d5 2. g3 g6 3. Bg2 Bg7 4. d3 Bg4 5. Nbd2 c6 6. O-O Qd7 7. Re1 e5 8. e4
d4 9. Nc4 f6 10. c3 b5 11. Na3 c5 12. cxd4 cxd4 13. Bd2 Bf8 14. Qb3 a6 15. Rac1
Be6 16. Qc2 Bd6 17. Ba5 Ne7 18. Bc7 Nbc6 19. Bxd6 Qxd6 20. Qc5 Qxc5 21. Rxc5
Nb4 22. Nd2 Nxd3 23. Rec1 Nxc1 24. Rxc1 Kd7 25. Nb3 Bxb3 26. axb3 Rac8 27. Bh3+
f5 28. Rd1 Kd6 29. b4 Rc7 30. exf5 Nxf5 31. Bf1 Rhc8 32. Nb1 Rc1 33. Rxc1 Rxc1
34. Nd2 Kd5 35. h4 e4 36. Kh2 Rd1 0-1

[Event "Cto Equipos Aragon 2013 Preferente I"]
[Site "Aragon"]
[Date "2013.03.09"]
[Round "7.41"]
[White "Antonano Fernandez, Avelino"]
[Black "Malo Guillen, Jose Luis"]
[Result "1/2-1/2"]
[WhiteElo "2099"]
[BlackElo "2170"]
[PlyCount "34"]
[EventDate "2013.??.??"]
[EventType "tourn"]
[EventRounds "9"]
[EventCountry "ESP"]
[WhiteTeam "St. Casablanca C"]
[BlackTeam "Las Fuentes"]

1. e4 d6 2. d4 Nf6 3. Nc3 g6 4. Bc4 Bg7 5. Qe2 Nc6 6. e5 Nd7 7. Nf3 Nb6 8. Bb3
O-O 9. h3 Na5 10. O-O d5 11. Bg5 f6 12. Bf4 g5 13. Bg3 Bf5 14. e6 Nxb3 15. cxb3
c6 16. Nd2 Nc8 17. Rae1 Qe8 1/2-1/2

[Event "Cto Equipos Aragon 2013 Preferente I"]
[Site "Aragon"]
[Date "2013.03.09"]
[Round "7.42"]
[White "Alonso Blasco, Jose Miguel"]
[Black "Juberias Segura, Santiago"]
[Result "1/2-1/2"]
[WhiteElo "2116"]
[BlackElo "2045"]
[PlyCount "42"]
[EventDate "2013.??.??"]
[EventType "tourn"]
[EventRounds "9"]
[EventCountry "ESP"]
[WhiteTeam "Las Fuentes"]
[BlackTeam "St. Casablanca B"]

1. e4 c5 2. Nf3 d6 3. Bb5+ Bd7 4. Bxd7+ Qxd7 5. O-O Nc6 6. c3 Nf6 7. Qe2 e6 8.
d4 cxd4 9. cxd4 d5 10. e5 Ne4 11. Rd1 Be7 12. Be3 O-O 13. Ne1 f6 14. f3 Ng5 15.
Bxg5 fxg5 16. Nc3 Rf4 17. Nc2 Raf8 18. Qe3 Qe8 19. Ne2 R4f5 20. Ng3 Rf4 21. Ne2
R4f5 (21... Rh4 22. g3 Rh3) 1/2-1/2

[Event "Cto Equipos Aragon 2013 Preferente I"]
[Site "Aragon"]
[Date "2013.03.09"]
[Round "7.43"]
[White "Calvo Mayayo, Jose Maria"]
[Black "Mombiela de Sus, Jose Luis"]
[Result "1/2-1/2"]
[WhiteElo "1929"]
[BlackElo "2030"]
[PlyCount "31"]
[EventDate "2013.??.??"]
[EventType "tourn"]
[EventRounds "9"]
[EventCountry "ESP"]
[WhiteTeam "St. Casablanca C"]
[BlackTeam "Las Fuentes"]

1. c4 e5 2. g3 c6 3. d4 e4 4. d5 Bb4+ 5. Bd2 Qe7 6. Nc3 Nf6 7. Bg2 O-O 8. e3
cxd5 9. cxd5 Na6 10. Nge2 d6 11. O-O Re8 12. a3 Bxc3 13. Nxc3 Nc5 14. b4 Nd3
15. Qb3 Bf5 16. Ne2 1/2-1/2

[Event "Cto Equipos Aragon 2013 Preferente I"]
[Site "Aragon"]
[Date "2013.03.09"]
[Round "7.44"]
[White "Javierre Conesa, Alfonso"]
[Black "Lafarga Bueno, Daniel"]
[Result "1/2-1/2"]
[WhiteElo "2011"]
[BlackElo "1886"]
[PlyCount "46"]
[EventDate "2013.??.??"]
[EventType "tourn"]
[EventRounds "9"]
[EventCountry "ESP"]
[WhiteTeam "Las Fuentes"]
[BlackTeam "St. Casablanca C"]

1. d4 d5 2. c4 c6 3. Nf3 Nf6 4. Nc3 e6 5. e3 g6 6. Bd3 Bg7 7. O-O O-O 8. Qc2
Nbd7 9. e4 dxe4 10. Nxe4 Nxe4 11. Bxe4 f5 12. Bd3 e5 13. dxe5 Nxe5 14. Nxe5
Bxe5 15. Re1 Qf6 16. Rb1 c5 17. Be2 Bd7 18. Bf3 Rfe8 19. Be3 Bc6 20. Bxc6 Qxc6
21. Rbd1 Rad8 22. Bg5 Rxd1 23. Rxd1 Bd4 1/2-1/2

[Event "Cto Equipos Aragon 2013 Preferente I"]
[Site "Aragon"]
[Date "2013.03.23"]
[Round "7.45"]
[White "Aparicio Navarro, Pedro Jose"]
[Black "Del Corral Abancens, Alfonso"]
[Result "1-0"]
[WhiteElo "2175"]
[BlackElo "1923"]
[PlyCount "67"]
[EventDate "2013.??.??"]
[EventType "tourn"]
[EventRounds "9"]
[EventCountry "ESP"]
[WhiteTeam "Helios B"]
[BlackTeam "Shatranj"]

1. d4 Nf6 2. Nf3 g6 3. c4 c5 4. d5 b5 5. cxb5 a6 6. bxa6 Bxa6 7. Nc3 d6 8. e4
Bxf1 9. Kxf1 Bg7 10. g3 O-O 11. Kg2 Nbd7 12. h3 Qb6 13. Re1 Rfb8 14. Re2 Ne8
15. Bg5 e5 16. Nd2 Qxb2 17. Rc1 Ra3 18. Nc4 Qb4 19. Nxa3 Qxa3 20. Qa4 Qxa4 21.
Nxa4 f5 22. f3 Rb4 23. Nc3 Nef6 24. Rb1 Rc4 25. Bd2 fxe4 26. fxe4 Rd4 27. a4 c4
28. a5 Nc5 29. Rb8+ Kf7 30. Nb5 Rxe4 31. Nxd6+ Ke7 32. Nxe4 Nfxe4 33. Bb4 Kd6
34. Rxe4 1-0

[Event "Cto Equipos Aragon 2013 Preferente I"]
[Site "Aragon"]
[Date "2013.03.23"]
[Round "7.46"]
[White "Munoz Bornao, Miguel Angel"]
[Black "Flores Samperiz, Jorge"]
[Result "1/2-1/2"]
[WhiteElo "1778"]
[BlackElo "1994"]
[PlyCount "73"]
[EventDate "2013.??.??"]
[EventType "tourn"]
[EventRounds "9"]
[EventCountry "ESP"]
[WhiteTeam "Shatranj"]
[BlackTeam "Helios B"]

1. e4 e5 2. Nf3 Nf6 3. Nxe5 d6 4. Nf3 Nxe4 5. d4 d5 6. Nbd2 Bd6 7. Be2 Bf5 8.
O-O Nd7 9. c4 dxc4 10. Nxc4 O-O 11. Nxd6 cxd6 12. Bf4 Qb6 13. Nh4 Qxb2 14. Nxf5
Nc3 15. Qd2 Nxe2+ 16. Kh1 Qxd2 17. Bxd2 Nf6 18. Nxd6 Nxd4 19. Nxb7 Ne4 20. Be3
Nc2 21. Rac1 Nxe3 22. fxe3 Rfc8 23. g3 Rab8 24. Rxc8+ Rxc8 25. Rf4 Nc3 26. a4
f6 27. Nd6 Rc6 28. Rd4 g6 29. Kg2 a6 30. Kf3 Nxa4 31. Nf5 gxf5 32. Rxa4 Kg7 33.
Kf4 Kg6 34. h4 Rc1 35. Kf3 Rc6 36. Kf4 Rc1 37. Kf3 1/2-1/2

[Event "Cto Equipos Aragon 2013 Preferente I"]
[Site "Aragon"]
[Date "2013.03.09"]
[Round "7.47"]
[White "Flores, Francisco"]
[Black "Ballonga Arruebo, Alejandro"]
[Result "0-1"]
[WhiteElo "1850"]
[BlackElo "1706"]
[PlyCount "66"]
[EventDate "2013.??.??"]
[EventType "tourn"]
[EventRounds "9"]
[EventCountry "ESP"]
[WhiteTeam "Helios B"]
[BlackTeam "Shatranj"]

1. d4 e6 2. c4 Bb4+ 3. Bd2 Qe7 4. Nf3 f5 5. a3 Bxd2+ 6. Nbxd2 Nf6 7. g3 b6 8.
Bg2 Bb7 9. O-O Na6 10. Rc1 c5 11. e3 O-O 12. Qe2 Rab8 13. Rfd1 d6 14. Nb1 Ne4
15. Nc3 Nc7 16. Nd2 Nxc3 17. Rxc3 Bxg2 18. Kxg2 Qf6 19. Nf3 Rbd8 20. Rcd3 cxd4
21. Nxd4 Rd7 22. Nc6 Ne8 23. b4 Rc7 24. b5 g5 25. f4 e5 26. fxe5 dxe5 27. Rd7
f4 28. Qh5 Ng7 29. Qf3 Rxd7 30. Rxd7 e4 31. Qd1 fxe3 32. Qd5+ Kh8 33. Qxe4 Qf1#
0-1

[Event "Cto Equipos Aragon 2013 Preferente I"]
[Site "Aragon"]
[Date "2013.03.09"]
[Round "7.48"]
[White "Santos Hernandez, Higinio"]
[Black "Moreno Antonio, Mario"]
[Result "1-0"]
[WhiteElo "1630"]
[BlackElo "1795"]
[PlyCount "109"]
[EventDate "2013.??.??"]
[EventType "tourn"]
[EventRounds "9"]
[EventCountry "ESP"]
[WhiteTeam "Shatranj"]
[BlackTeam "Helios B"]

1. d4 d5 2. Nf3 Nf6 3. Bg5 e6 4. e3 Be7 5. Bd3 Nbd7 6. Nbd2 O-O 7. O-O b6 8.
Qe2 Bb7 9. Bxf6 Nxf6 10. Ne5 c5 11. c3 Rc8 12. f4 Ne4 13. Rad1 f6 14. Ng4 Qe8
15. Nxe4 dxe4 16. Bc4 Bd5 17. f5 Qf7 18. fxe6 Qxe6 19. Bxd5 Qxd5 20. dxc5 Qxc5
21. Rd4 f5 22. Nf2 Bf6 23. Rd7 Rc7 24. Rfd1 Rxd7 25. Rxd7 Rf7 26. Qd2 Qc6 27.
Rd6 Qc7 28. Rd5 g6 29. Nh3 h6 30. Nf4 Kh7 31. Ne6 Qc8 32. Nd8 Bxd8 33. Rxd8 Qc7
34. Qd4 Rg7 35. b4 Qc6 36. c4 Qc7 37. c5 bxc5 38. bxc5 Qa5 39. h3 h5 40. c6
Qe1+ 41. Kh2 h4 42. Qe5 Qxe3 43. c7 Qg3+ 44. Qxg3 hxg3+ 45. Kxg3 Rxc7 46. Kf4
Kh6 47. a4 Rc4 48. g4 fxg4 49. hxg4 Rxa4 50. g5+ Kg7 51. Rd7+ Kf8 52. Rd8+ Kf7
53. Rd7+ Ke8 54. Rg7 Ra6 55. Kxe4 1-0

[Event "Cto Equipos Aragon 2013 Preferente I"]
[Site "Aragon"]
[Date "2013.03.09"]
[Round "7.49"]
[White "Llanes Luno, Ricardo"]
[Black "Bach Guillamon, Francisco"]
[Result "1-0"]
[WhiteElo "2187"]
[BlackElo "2009"]
[PlyCount "53"]
[EventDate "2013.??.??"]
[EventType "tourn"]
[EventRounds "9"]
[EventCountry "ESP"]
[WhiteTeam "CCOO Delicias"]
[BlackTeam "Ramiro C"]

1. e4 c6 2. d4 d5 3. e5 Bf5 4. Be3 e6 5. Nd2 Nd7 6. Ngf3 b5 7. Be2 Be7 8. O-O
h5 9. b3 Nh6 10. c4 bxc4 11. bxc4 Ng4 12. Qa4 Qb6 13. Rac1 f6 14. cxd5 cxd5 15.
Bb5 Qd8 16. exf6 Bxf6 17. Bc6 Rb8 18. Bf4 Rb6 19. Qxa7 Rxc6 20. Rxc6 O-O 21. h3
Bd3 22. Rfc1 e5 23. Rc8 Qxc8 24. Rxc8 Rxc8 25. hxg4 Rc1+ 26. Kh2 exf4 27. Qxd7
1-0

[Event "Cto Equipos Aragon 2013 Preferente I"]
[Site "Aragon"]
[Date "2013.03.09"]
[Round "7.50"]
[White "Gomez Salinas, Nestor"]
[Black "Naya Sancho, Jose Ignacio"]
[Result "1-0"]
[WhiteElo "1883"]
[BlackElo "2130"]
[PlyCount "109"]
[EventDate "2013.??.??"]
[EventType "tourn"]
[EventRounds "9"]
[EventCountry "ESP"]
[WhiteTeam "Ramiro C"]
[BlackTeam "CCOO Delicias"]

1. e4 e6 2. d4 d5 3. Nc3 Bb4 4. Nge2 dxe4 5. a3 Be7 6. Nxe4 Nf6 7. N2c3 O-O 8.
Bc4 Nbd7 9. Bf4 Nxe4 10. Nxe4 Nf6 11. Nxf6+ Bxf6 12. c3 Bd7 13. O-O Bc6 14. Re1
a5 15. Qg4 Qd7 16. Be5 Kh8 17. Bxf6 gxf6 18. Qh4 Qd8 19. Re3 Rg8 20. Rg3 f5 21.
Qf4 Qd6 22. Qh4 Qd8 23. Qf4 Qd6 24. Qh4 Rxg3 25. hxg3 Qd8 26. Qf4 Qd6 27. Qh4
Rg8 28. Qf6+ Rg7 29. Rd1 Kg8 30. Qe5 Qxe5 31. dxe5 Kf8 32. b4 axb4 33. axb4 Ke7
34. b5 Bd7 35. Be2 Rg8 36. Ra1 b6 37. Ra7 Rc8 38. Bf3 Bxb5 39. g4 fxg4 40. Bxg4
Kd7 41. Bh5 Rf8 42. f4 f6 43. exf6 Rxf6 44. Ra8 Bd3 45. g3 Be4 46. Ra4 Bd5 47.
Rd4 c5 48. Ra4 Kd6 49. Ra6 Kc6 50. Ra7 Be4 51. c4 Rf8 52. Bd1 Rd8 53. Ba4+ Kd6
54. Kf2 Ra8 55. Rd7# 1-0

[Event "Cto Equipos Aragon 2013 Preferente I"]
[Site "Aragon"]
[Date "2013.03.09"]
[Round "7.51"]
[White "Llanes Luno, Pedro Alfredo"]
[Black "Abad Vinas, Jesus Manuel"]
[Result "1-0"]
[WhiteElo "2102"]
[BlackElo "1872"]
[PlyCount "81"]
[EventDate "2013.??.??"]
[EventType "tourn"]
[EventRounds "9"]
[EventCountry "ESP"]
[WhiteTeam "CCOO Delicias B"]
[BlackTeam "Ramiro C"]

1. e4 d6 2. d4 Nf6 3. Nc3 g6 4. Bg5 Bg7 5. Qd2 h6 6. Bh4 O-O 7. f4 Nc6 8. Nf3
e5 9. dxe5 dxe5 10. Qxd8 Nxd8 11. Nxe5 Ne6 12. Nd3 c6 13. e5 Nd7 14. Bf2 f6 15.
exf6 Nxf6 16. Be2 Nd5 17. Nxd5 cxd5 18. Bf3 Kh7 19. g3 Nd4 20. Bxd4 Bxd4 21.
O-O-O Be6 22. Rhe1 Bf7 23. Re7 Kg8 24. c3 Rac8 25. Bg4 Rc4 26. Rxb7 g5 27. Be2
Be3+ 28. Kc2 Bg6 29. Kb3 a5 30. a3 Be8 31. Rf1 Bc6 32. Re7 Ba4+ 33. Ka2 Re4 34.
Ne5 Rb8 35. Bd3 Bb3+ 36. Ka1 Bc5 37. Rc7 Bd6 38. Rd7 Bxa3 39. bxa3 Ra4 40. Bh7+
Kf8 41. fxg5+ 1-0

[Event "Cto Equipos Aragon 2013 Preferente I"]
[Site "Aragon"]
[Date "2013.03.09"]
[Round "7.52"]
[White "Iglesias Fernandez, Luis"]
[Black "Campo Millan, Diego"]
[Result "1-0"]
[WhiteElo "1862"]
[BlackElo "2082"]
[PlyCount "59"]
[EventDate "2013.??.??"]
[EventType "tourn"]
[EventRounds "9"]
[EventCountry "ESP"]
[WhiteTeam "Ramiro C"]
[BlackTeam "CCOO Delicias"]

1. b4 Nf6 2. c4 e6 3. a3 d5 4. e3 Be7 5. Nf3 O-O 6. Bb2 b6 7. Be2 Bb7 8. O-O
Nbd7 9. Ne5 Nxe5 10. Bxe5 dxc4 11. Nc3 b5 12. Bf3 Bxf3 13. Qxf3 Qd7 14. a4 c6
15. axb5 cxb5 16. Bd4 Nd5 17. Qg4 f6 18. Nxb5 Bxb4 19. Rxa7 Rxa7 20. Nxa7 Bxd2
21. Bc5 c3 22. Bxf8 Kxf8 23. Qd4 Ke8 24. Rb1 Kf7 25. Qc5 Kg6 26. Nb5 f5 27. h4
h6 28. Nd4 e5 29. Nf3 Qe7 30. Qxd5 1-0

[Event "Cto Equipos Aragon 2013 Preferente II"]
[Site "Aragon"]
[Date "2013.03.09"]
[Round "7.53"]
[White "Planas Torrea, Francisco Javier"]
[Black "Hinojar Basa, Alfonso"]
[Result "1/2-1/2"]
[WhiteElo "1996"]
[BlackElo "2199"]
[PlyCount "104"]
[EventDate "2013.??.??"]
[EventType "tourn"]
[EventRounds "9"]
[EventCountry "ESP"]
[WhiteTeam "Ejea"]
[BlackTeam "Marcos Frechin"]

1. e4 e6 2. d4 d5 3. exd5 exd5 4. Bd3 Nc6 5. c3 Bd6 6. Qf3 Be6 7. Ne2 Qd7 8. h3
Nge7 9. Bf4 Ng6 10. Bxd6 Qxd6 11. Qg3 Qxg3 12. fxg3 Nce7 13. O-O O-O-O 14. Na3
f6 15. Nc2 Rhe8 16. Rae1 Bf7 17. Ne3 c6 18. g4 Be6 19. Nf5 Bxf5 20. gxf5 Nf8
21. Nf4 Kc7 22. Nh5 Nc8 23. Nxg7 Rxe1 24. Rxe1 Nd6 25. Ne6+ Nxe6 26. Rxe6 Re8
27. Rxe8 Nxe8 28. Kf2 Kd7 29. Kf3 Ke7 30. Kf4 Nd6 31. g4 h6 32. h4 Kf7 33. g5
hxg5+ 34. hxg5 b5 35. g6+ Kg7 36. Ke3 a5 37. b3 Kf8 38. Kd2 Ke7 39. Kc2 Kf8 40.
Kb2 Ke7 41. a4 bxa4 42. bxa4 Ne8 43. Kc2 Ng7 44. Kd2 Kd6 45. Ke3 Kc7 46. Kf4
Kb6 47. c4 Kb7 48. cxd5 cxd5 49. Bb5 Kb6 50. Be2 Kb7 51. Bf3 Kc6 52. Kg4 Kd6
1/2-1/2

[Event "Cto Equipos Aragon 2013 Div. Honor II"]
[Site "Aragon"]
[Date "2013.03.09"]
[Round "7.54"]
[White "Sebastian Bespin, Ruben"]
[Black "Planas Torrea, Alberto"]
[Result "1-0"]
[WhiteElo "2158"]
[BlackElo "1940"]
[PlyCount "71"]
[EventDate "2013.??.??"]
[EventType "tourn"]
[EventRounds "7"]
[EventCountry "ESP"]
[WhiteTeam "Marcos Frechin"]
[BlackTeam "Ejea"]

1. e4 d5 2. exd5 Qxd5 3. d4 Nc6 4. Nf3 Bg4 5. Be2 e6 6. c4 Bb4+ 7. Nc3 Qd7 8.
Be3 O-O-O 9. Qa4 Bxf3 10. Bxf3 Nxd4 11. Qxa7 Bxc3+ 12. Kf1 Qd6 13. Bxb7+ Kd7
14. bxc3 Nf5 15. Bc5 Qd3+ 16. Kg1 Nd6 17. Qa4+ Ke7 18. Rd1 Qe2 19. Bf3 Qb2 20.
Qa5 Qb8 21. Bb4 Nf6 22. c5 Nde4 23. c6+ Nd6 24. g3 Rhe8 25. Kg2 Kf8 26. Bxd6+
Rxd6 27. Rxd6 cxd6 28. Rd1 Rc8 29. Qb4 Qxb4 30. cxb4 d5 31. b5 Ke7 32. a4 Kd6
33. Rc1 Ne8 34. a5 Ra8 35. b6 Rxa5 36. c7 1-0